000 00868nam a2200205 i 4500
001 124914
003 ES-MaACL
005 20230906192524.0
007 t|
008 070424s1928 sp ||||1| spa d
100 1 _aPosada, Carlos G. (
_d1890-1948)
_993318
245 1 3 _aLa previsión familiar
_b: planteamiento del problema ante la segunda Asamblea de la Asociación Internacional de Política social, celebrada en Viena (Septiembre de 1927) /
_cpor Carlos G. Posada.
260 _aMadrid :
_b[s.n.],
_c1928 (
_fSobrinos de Sucesora de M. Minuesa)
300 _a33 p. ;
_c20 cm.
490 1 _aPublicaciones del Instituto Nacional de Previsión ;
_v202
500 _a(Publicado en los números 75, 76 y 77 de los Anales)
830 0 _aPublicaciones del Instituto Nacional de Previsión ;
_v202
_9181151
852 _aES-MaACL
_jC-12661(1)
999 _c124914
_d124914